000 00504nam a2200145Ia 4500
008 231129s2010||||xx |||||||||||||| ||spa||
020 _a978-958-20-1042-3
040 _bspa
082 _a375.001 R621c
100 _aRivera Márquez Jorge Enrique
245 0 _aCómo diseñar planes de estudio de las áreas fundamentales y obligatorias para la educación preescolar básica y media en Colombia
260 _c2010
264 _aEditorial Magisterio
942 _2ddc
_cBKS
999 _c7491
_d7491